000 00751nam a2200241Ia 4500
003 OSt
005 20220926023518.0
006 a|||||r|||| 00| 0
007 ta
008 220923b |||||||| |||| 00| 0 eng d
037 _cGeneral Book
040 _aRTL
_cRTL
_beng
041 _2eng
_aeng
082 _aY9(W):4582.55.N45<---N33, L5
100 _aMerkl Peter H
_9113889
245 0 _aPolitical violence under the Swastika
_b 581 early
260 _aNJ
_bPrentice University Press
_c1975
300 _axiv,735p
_ccm.
500 _aBibliography: p 725-729; Appendix: p 717-724
650 _aPolitical Sociology
942 _hY9(W):4582.55.N45<---N33, L5
_cGB
_2CC
999 _c641743
_d641743